The universal cambist and commercial instructor; being a full and accurate treatise on the exchanges, monies, weights, and measures, of all trading nations and their colonies; with an account of their banks, publics funds, and paper purrencies. By P. Kelly, LL. D. Master of the Finsbury-Square Academy; author of different works on scientific subjects; and mathematical examiner to the Trinity House. Vol. I-II. The second edition, invcluding a revision of foreign weights and measures, from an actual comparison of their standars, by the order and aid of the British Government
সংরক্ষণ করুন:
| প্রধান লেখক: | |
|---|---|
| বিন্যাস: | গ্রন্থ |
| ভাষা: | ইংরেজি |
| প্রকাশিত: |
Londres
Printed for the author by Lackington and Co
1821
|
| সংস্করন: | 2a. ed |
| বিষয়গুলি: | |
| ট্যাগগুলো: |
ট্যাগ যুক্ত করুন
কোনো ট্যাগ নেই, প্রথমজন হিসাবে ট্যাগ করুন!
|
MARC
| LEADER | 00000nam a2200000 a 4500 | ||
|---|---|---|---|
| 001 | UCJ6129 | ||
| 003 | CL-VaPUC | ||
| 008 | 070124e18210000UK |||||||||||||||||eng|d | ||
| 082 | 0 | 4 | |a 380 |b KEL |2 21 |
| 100 | 0 | |a Kelly, P |e author |9 512421 | |
| 245 | 1 | 4 | |a The universal cambist and commercial instructor; being a full and accurate treatise on the exchanges, monies, weights, and measures, of all trading nations and their colonies; with an account of their banks, publics funds, and paper purrencies. By P. Kelly, LL. D. Master of the Finsbury-Square Academy; author of different works on scientific subjects; and mathematical examiner to the Trinity House. Vol. I-II. The second edition, invcluding a revision of foreign weights and measures, from an actual comparison of their standars, by the order and aid of the British Government |
| 250 | |a 2a. ed | ||
| 300 | |a 2 v | ||
| 942 | |c BK | ||
| 945 | |d 20070124 00:00:00 |a rinostro | ||
| 260 | |a Londres |b Printed for the author by Lackington and Co |c 1821 | ||
| 500 | |a Vol. I: 4§, media pasta.- Anteport.: The Universal Cambist and Commercial Instructor. Second edition.- v. en b.- Port.- v. en b.- Dedicatoria.- Prefacio.- Ex libris de C. R. Nugent.- Vol. 2: 4§.- Anteport.- id vol. I.- Port.- v. en b.- Advierte errata. Ex libris | ||
| 600 | 0 | 7 | |a NUGENT, C. R. |2 CL-VaPUC |9 512422 |
| 650 | 7 | |a PESOS Y MEDIDAS |2 CL-VaPUC |9 504825 | |
| 650 | 7 | |a CONVERSIONES |2 CL-VaPUC |9 512423 | |
| 650 | 0 | |a Moneda |9 342365 | |
| 650 | 7 | |a CAMBIOS INTERNACIONALES |2 CL-VaPUC |9 381090 | |
| 650 | 0 | |a Comercio |9 255341 | |
| 650 | 7 | |a GLOSARIO COMERCIAL |2 CL-VaPUC |9 512424 | |
| 650 | 0 | |a Numismática |9 318332 | |
| 650 | 0 | |a Aritmética comercial |9 512425 | |
| 650 | 7 | |a EX LIBRIS |2 CL-VaPUC |9 505186 | |
| 583 | |a last modification |c 20070124 00:00:00 |k Rodrigo Vera | ||
| 999 | |c 322237 |d 322235 | ||
| 952 | |0 0 |1 0 |4 0 |6 380_000000000000000_KEL_1821 |7 0 |8 X |9 401182 |a FDOBUD |b FDOBUD |d 2019-11-22 |h v.1 |i 1044060 |o 380 KEL 1821 |p 1044060 |r 2019-11-22 |w 2019-11-22 |y BK_X |k BUD | ||
| 952 | |0 0 |1 0 |4 0 |6 380_000000000000000_KEL_1821 |7 0 |8 X |9 401183 |a FDOBUD |b FDOBUD |d 2019-11-22 |h v.2 |i 1044044 |o 380 KEL 1821 |p 1044044 |r 2019-11-22 |w 2019-11-22 |y BK_X |k BUD | ||